000
00379nam a2200133Ia 4500
008
100328s9999 xx 000 0 und d
082
_b
58451
100
_a
शेवते अरुण.
245
_a
स्नेहांकित.
260
_b
औदुंबर.
630
_a
स्नेहांकित.
730
_a
स्नेहांकित.
942
_c
BOOK
999
_c
544786
_d
544783